Body Language - Nose - Statistics

General Stats
  • This quiz has been taken 262 times
  • The average score is 4 of 11
Answer Stats
Hint Answer % Correct
A steep downward plunge Nosedive
95%
Suck up to someone Brownnose
85%
Sometimes comes from a punch in the face Nosebleed
66%
A tough, practical, and unsentimental person Hardnose
57%
How to feed a horse Nosebag
47%
An interior defensive lineman in the NFL Noseguard
41%
"Doc, tell me what's wrong with me." Diagnose
16%
Convex trim used in woodworking Bullnose
14%
An aquiline nose; one with a prominent bridge Hooknose
14%
Australian freshwater cod Bluenose
11%
Triatominae, also known as the "kissing bug" Conenose
2%
No matching quizzes found
Score Distribution
Percent of People with Each Score
Percentile by Number Answered
Your Score History
You have not taken this quiz